La Contaminació atmosfèrica a les comarques de Barcelona des de l'any 1983 / Ramon Rabella, Marisol Serra, Cecília Gómez, ... [et al]
ISBN:
84-7794-657-4
Descripción Física:
62 p. : amb gràfics ; 23 cm + 1 CD-ROM
Colección:
Estudis i monografies ; 20
Otros Autores:
Rabella, Ramon
MARC
| LEADER | 00000nam a2200000Ia 4500 | ||
|---|---|---|---|
| 001 | 12350 | ||
| 008 | 160829s1999 xx 000 0 cat d | ||
| 020 | |a 84-7794-657-4 | ||
| 080 | |a C-1-295 | ||
| 245 | |a La Contaminació atmosfèrica a les comarques de Barcelona des de l'any 1983 / Ramon Rabella, Marisol Serra, Cecília Gómez, ... [et al] | ||
| 260 | |a Barcelona : |b Diputació de Barcelona. Servei del Medi Ambient, |c 1999 | ||
| 300 | |a 62 p. : |b amb gràfics ; |c 23 cm + 1 CD-ROM | ||
| 490 | |a Estudis i monografies ; 20 | ||
| 590 | |a El títol del CD-ROM és: Sèries de dades sobre el medi atmosfèric, contaminació i meteorologia: abril 1991 - març 1999 | ||
| 650 | 0 | |a Aire |x Contaminació |z Barcelona (Província) |9 26812 | |
| 650 | 0 | |a Aire |x Contaminació |x Mesurament |9 35473 |2 Arxiu | |
| 700 | |a Rabella, Ramon |9 26813 | ||
| 710 | 1 | |a Barcelona (Catalunya : Província). |b Servei de Medi Ambient |9 53475 | |
| 901 | |a Arxiu | ||
| 942 | |n 1 |2 udc | ||
| 952 | |0 0 |1 0 |4 0 |6 C1295 |7 1 |9 44155 |a Arxiu |b Arxiu |d 2016-12-01 |l 0 |o C-1-295 |p 12350 |r 2016-12-01 00:00:00 |w 2016-12-01 |y ARXIU | ||
| 952 | |0 0 |1 0 |4 0 |6 PDL |7 1 |9 63420 |a Arxiu |b Arxiu |d 2022-08-12 |l 0 |o PDL |p 26454 |r 2022-08-12 00:00:00 |w 2022-08-12 |y ARXIU | ||
| 999 | |c 46735 |d 46735 | ||